Responses for Show #6689 - Thursday, October 17, 2013

Contestants

[<< previous game]

Korin Kormick, an opera singer from Jersey City, New Jersey

John Emery, a graduate student of financial engineering from Brandon, Florida

Stuart Anderson, a JAG originally from New Orleans, Louisiana (whose 2-day cash winnings total $26,800)

[next game >>]

Jeopardy! Round responses

THE ROLLING STONES
UNPACK YOUR ADJECTIVES
KENTUCKY-ANA
LANGUAGES IN THE USA
WEIGHTS & MEASURES
NATIONAL GEOGRAPHIC: CELEBRATING 125 YEARS
(Alex: And as a matter of fact, the 125th anniversary issue will focus on the power of photography, as will most of our clues.)
    $200 6
Mick Jagger

John
    $200 13
fragile

Stuart
    $200 8
bluegrass

Stuart
    $200 1
Spanish

John
    $200 16
a carat

Stuart
    $200 23
Jacques Cousteau

Korin
    $400 14
snoopy

Stuart
    $400 9
Corvette

John
    $400 2
German

John
    $400 17
an acre

Korin
    $400 24
(Alex: Yes, with less than a minute to go.)

Afghanistan

Stuart
    $600 15
feminine

John
    $600 10
Colonel Sanders

Stuart
    $600 3
Cantonese

Stuart
    $600 18
a cubit

John
    $600 27
the Maya

Korin
    $800 7
Bill Wyman

Triple Stumper
    $800 20
naughty

Stuart
    $800 11
Wildcats

Stuart
    $800 4
Yiddish

Stuart
    $800 19
a quart

Korin
    $800 25
(Louis and Mary) Leakey

Stuart
    $1000 28
[The end-of-round signal sounds.]

Brian Jones

Triple Stumper
    $3,000 21
buoyant

Stuart
    $1000 12
(John: Who is Johnnie Walker?)
...
(Alex: [*], yes. That's bourbon. Johnnie Walker is scotch.)

Jim Beam

StuartJohn
    $1000 5
Korean

Triple Stumper
    $1000 22
(Stuart: What is a terabyte?)

teraflop

Stuart
Triple Stumper
    $1000 26
(Robert) Ballard

John

Scores at the first commercial break (after clue 15):

Stuart John Korin
$4,600 $800 $0

Scores at the end of the Jeopardy! Round:

Stuart John Korin
$8,800 $2,400 $2,000

Double Jeopardy! Round responses

OTHER ROLLING STONES
COMIC BOOK WOMEN
16th CENTURY WRITING
U.S. GOVERNORS
PEAKS & VALLEYS
"V-E" DAY
(Alex: Each response will start with the letters "V-E".)
    $400 19
a rock & a hard place

Korin
    $400 1
Wonder Woman

John
    $400 14
Latin

John
    $400 6
North Carolina

Stuart
    $400 7
Death Valley

Korin
    $400 8
verdant

John
    $800 20
Rolling Rock

John
    $1,200 2
(John: Who is the Invisible Woman?)

Lois Lane

John
    $800 17
(Alex: It's the oldest English [*]. Really funny. Yeah.)
[Laughter]

comedy

Triple Stumper
    $800 13
Jan Brewer

Triple Stumper
    $5,200 15
the Matterhorn

John
    $800 10
veldt

Stuart
    $1200 21
Mary Magdalene

Korin
    $1200 4
Storm

Stuart
    $1200 18
(Stuart: Who is Thomas More?)

Cardinal Wolsey

Stuart
Triple Stumper
    $1200 25
Massachusetts

John
    $1200 26
the Atacama

Stuart
    $1200 9
velocipede

John
    $1600 22
O. Henry

Korin
    $1600 5
Mary Jane

John
    $1600 28
The Faerie Queene

Korin
    $1600 29
Gary Johnson

Triple Stumper
    $1600 27
(Stuart: [*]? ...Oh, what is [*]?)
(Alex: Thank you.)

Old Smoky

Stuart
    $1600 11
vellum

Stuart
    $2000 23
Sisyphus

Stuart
    $2000 16
Poison Ivy

Korin
    $2000 24
(Christopher) Marlowe

Stuart
    $2000 30
Virginia

Triple Stumper
    $2000 3
the Loire

Korin
    $2000 12
vector

Stuart

Scores at the end of the Double Jeopardy! Round:

Stuart John Korin
$20,400 $12,400 $11,200

[wagering suggestions for these scores]

Final Jeopardy! Round responses

TRADEMARKS
KorinWhat is a thumbs-up?
$5,800
JohnWhat is a thumbs up?
$12,400
StuartWhat is thumbs-up?
$4,401
thumbs-up

Final scores:

Stuart John Korin
$24,801 $24,800 $17,000
3-day champion: $51,601 2nd place: $2,000 3rd place: $1,000

Game dynamics:

Coryat scores:

Stuart John Korin
$18,400 $9,200 $11,200
22 R
(including 1 DD),
2 W
15 R
(including 1 DD),
2 W
(including 1 DD)
11 R,
0 W

Combined Coryat: $38,800

[game clues] [game scores] [suggest correction]

Game tape date: 2013-09-10
The J! Archive is created by fans, for fans. Scraping, republication, monetization, and malicious use prohibited; this site may use cookies and collect identifying information. See terms. The Jeopardy! game show and all elements thereof, including but not limited to copyright and trademark thereto, are the property of Jeopardy Productions, Inc. and are protected under law. This website is not affiliated with, sponsored by, or operated by Jeopardy Productions, Inc. Join the discussion at JBoard.tv.